| Record ID | ia:diaryofangel0000lake |
| Source | Internet Archive |
| Download MARC XML | https://archive.org/download/diaryofangel0000lake/diaryofangel0000lake_marc.xml |
| Download MARC binary | https://www.archive.org/download/diaryofangel0000lake/diaryofangel0000lake_meta.mrc |
LEADER: 00600cam 22002177a 4500
001 ocn310422565
003 OCoLC
005 20211213061824.0
008 090224s1991 nyu e 000 1 eng d
040 $aXSG$beng$cXSG$dOCLCQ
020 $a1878320718
020 $a9781878320711
035 $a(OCoLC)310422565
100 1 $aLake, Alizarin.
245 10 $aDiary of an angel /$cAlizarin Lake.
260 $aNew York :$bMasquerade Books,$c1991.
300 $a173 ;$c17 cm
336 $atext$btxt$2rdacontent
337 $aunmediated$bn$2rdamedia
994 $aZ0$bP4A
948 $hNO HOLDINGS IN P4A - 1 OTHER HOLDINGS